000 00325nam a22001337a 4500
005 20230726120646.0
008 230726b |||||||| |||| 00| 0 eng d
041 _aeng
100 _aKATARIA, SHETAL
_97876
245 _aBHAJAN KATHA AARTI SANGRAH
260 _aNEW DELHI
_bS.K. KATARIA & SONS
300 _a112;p
942 _cBK
999 _c8337
_d8335